[Event "Gibtelecom AmatWk1 7th"]
[Site "Gibraltar"]
[Date "2009.01.28"]
[Round "2.9"]
[White "Flanagan, Samuel"]
[Black "Feeney, James"]
[Result "1-0"]
[WhiteElo "1650"]
[BlackElo "1080"]
[PlyCount "41"]
[EventDate "2009.01.27"]
[EventType "swiss"]
[EventRounds "5"]
[EventCountry "GGB"]
[SourceTitle "BritBase"]
[Source "www.saund.co.uk"]
[SourceDate "2018.02.10"]
[SourceVersion "1"]
[SourceVersionDate "2018.02.10"]
[SourceQuality "1"]

1. e4 e5 2. Nf3 Nc6 3. Bb5 a6 4. Ba4 Nf6 5. d3 d6 6. c3 Be7 7. Nbd2 O-O 8. Nf1
Ne8 9. Ng3 f5 10. exf5 Bxf5 11. Nxf5 Rxf5 12. O-O Rf8 13. Qb3+ d5 14. Bxc6 bxc6
15. Nxe5 Qd6 16. d4 Nf6 17. Bg5 Rfe8 18. Rfe1 Ne4 19. Bxe7 Rxe7 20. Rxe4 Rxe5
21. Rxe5 1-0

[Event "Gibtelecom AmatWk1 7th"]
[Site "Gibraltar"]
[Date "2009.01.28"]
[Round "2.10"]
[White "Benson, Nicola"]
[Black "Goodfellow, Russell"]
[Result "0-1"]
[WhiteElo "813"]
[BlackElo "1688"]
[PlyCount "56"]
[EventDate "2009.01.27"]
[EventType "swiss"]
[EventRounds "5"]
[EventCountry "GGB"]
[SourceTitle "BritBase"]
[Source "www.saund.co.uk"]
[SourceDate "2018.02.10"]
[SourceVersion "1"]
[SourceVersionDate "2018.02.10"]
[SourceQuality "1"]

1. d4 f5 2. Nf3 e6 3. e3 Nf6 4. Bd3 Be7 5. Nbd2 O-O 6. O-O d6 7. b3 Nc6 8. Bb2
Qe8 9. c4 a5 10. a3 Bd8 11. Rc1 e5 12. dxe5 Nxe5 13. Bb1 Bd7 14. Re1 Neg4 15.
Nf1 Ne4 16. Qd5+ Kh8 17. Bxe4 fxe4 18. Ng5 Bc6 19. Bxg7+ Kxg7 20. Ne6+ Kh8 21.
Nxc7 Bxc7 22. Qd4+ Qe5 23. Rcd1 Rae8 24. f4 exf3 25. gxf3 Rxf3 26. Qxe5+ Rxe5
27. Rd4 Nxe3 28. Nxe3 Rexe3 0-1

[Event "Gibtelecom AmatWk1 7th"]
[Site "Gibraltar"]
[Date "2009.01.28"]
[Round "2.11"]
[White "Jones, Sidney A"]
[Black "Rashleigh, Jonathan"]
[Result "0-1"]
[WhiteElo "1280"]
[BlackElo "1584"]
[PlyCount "64"]
[EventDate "2009.01.27"]
[EventType "swiss"]
[EventRounds "5"]
[EventCountry "GGB"]
[SourceTitle "BritBase"]
[Source "www.saund.co.uk"]
[SourceDate "2018.02.10"]
[SourceVersion "1"]
[SourceVersionDate "2018.02.10"]
[SourceQuality "1"]

1. Nf3 g6 2. d4 Bg7 3. c4 c5 4. e3 Nf6 5. Bd3 Na6 6. a3 O-O 7. O-O d6 8. Nbd2
Bd7 9. Rb1 Rc8 10. b3 Re8 11. Bb2 cxd4 12. exd4 e6 13. Re1 Nc7 14. Ne4 Nxe4 15.
Bxe4 d5 16. Bd3 Bc6 17. Bc1 dxc4 18. Bxc4 Nd5 19. Bb2 b5 20. Bxd5 Bxd5 21. Qd3
Qb6 22. Ne5 Re7 23. Qd2 Rec7 24. Qe3 Qb7 25. f3 Qb6 26. Rbc1 a5 27. Rxc7 Rxc7
28. Kf1 a4 29. b4 Rc2 30. Nd3 Bc4 31. Ba1 Ra2 32. Kg1 Rxa1 0-1

[Event "Gibtelecom AmatWk1 7th"]
[Site "Gibraltar"]
[Date "2009.01.28"]
[Round "2.12"]
[White "Garcia Lechugo, Francisco"]
[Black "McLeod, Paul"]
[Result "1-0"]
[WhiteElo "1688"]
[BlackElo "1200"]
[PlyCount "53"]
[EventDate "2009.01.27"]
[EventType "swiss"]
[EventRounds "5"]
[EventCountry "GGB"]
[SourceTitle "BritBase"]
[Source "www.saund.co.uk"]
[SourceDate "2018.02.10"]
[SourceVersion "1"]
[SourceVersionDate "2018.02.10"]
[SourceQuality "1"]

1. a3 d5 2. g3 Nf6 3. Bg2 e6 4. d3 Bd6 5. Nf3 h6 6. c4 O-O 7. cxd5 exd5 8. O-O
Re8 9. Nc3 c6 10. Qc2 Nbd7 11. d4 Re6 12. Re1 Qe8 13. Nh4 Nh5 14. Bd2 g5 15.
Nf5 Rg6 16. e4 dxe4 17. Nxe4 Qf8 18. Nexd6 Rxd6 19. Nxd6 Qxd6 20. Re8+ Nf8 21.
Bb4 Qd7 22. Rae1 Nf6 23. Rxf8+ Kg7 24. Re7 Qxe7 25. Bxe7 Nd7 26. Re8 f6 27. Qc4
1-0

[Event "Gibtelecom AmatWk1 7th"]
[Site "Gibraltar"]
[Date "2009.01.28"]
[Round "2.13"]
[White "Randall, David C"]
[Black "Salomon, Johan"]
[Result "0-1"]
[WhiteElo "1576"]
[BlackElo "1174"]
[PlyCount "98"]
[EventDate "2009.01.27"]
[EventType "swiss"]
[EventRounds "5"]
[EventCountry "GGB"]
[SourceTitle "BritBase"]
[Source "www.saund.co.uk"]
[SourceDate "2018.02.10"]
[SourceVersion "1"]
[SourceVersionDate "2018.02.10"]
[SourceQuality "1"]

1. e4 e6 2. d4 d5 3. e5 c5 4. c3 Nc6 5. Nf3 Qb6 6. a3 a5 7. g3 a4 8. Bh3 c4 9.
Nbd2 Bd7 10. O-O Be7 11. Re1 Kd8 12. Nf1 Na5 13. Ng5 Bxg5 14. Bxg5+ Kc7 15. Rb1
h6 16. Bd2 Ne7 17. Ne3 Nb3 18. f4 g6 19. Rf1 h5 20. Bg2 Qb5 21. h4 Nf5 22. Nxf5
gxf5 23. Be3 Rag8 24. Kh2 Qa6 25. Bf3 Qa8 26. Bxh5 Qd8 27. Bf2 Rg7 28. Bf3 b5
29. Rg1 Na5 30. Qe1 Nc6 31. g4 fxg4 32. Rxg4 Rgh7 33. Rg5 Ne7 34. Bg4 Ng6 35.
Bg3 Nxh4 36. Bxh4 Rxh4+ 37. Kg3 Qf8 38. Qe2 Qh6 39. Rg1 Rxg4+ 40. Qxg4 Qh2+ 41.
Kf3 Rh3+ 42. Qg3 Rxg3+ 43. R5xg3 Qxb2 44. Kg4 Qe2+ 45. Rf3 Qb2 46. Kg5 Qxa3 47.
Kf6 Qf8 48. Rg7 Kd8 49. Rxf7 Qh6# 0-1

[Event "Gibtelecom AmatWk1 7th"]
[Site "Gibraltar"]
[Date "2009.01.28"]
[Round "2.14"]
[White "Poggio, Freddie"]
[Black "Stoop, Michael"]
[Result "0-1"]
[WhiteElo "1544"]
[BlackElo "1080"]
[PlyCount "54"]
[EventDate "2009.01.27"]
[EventType "swiss"]
[EventRounds "5"]
[EventCountry "GGB"]
[SourceTitle "BritBase"]
[Source "www.saund.co.uk"]
[SourceDate "2018.02.10"]
[SourceVersion "1"]
[SourceVersionDate "2018.02.10"]
[SourceQuality "1"]

1. Nf3 Nf6 2. e3 g6 3. d4 Bg7 4. c4 O-O 5. Nc3 b6 6. b3 c5 7. Qc2 Nc6 8. Bb2
Bb7 9. d5 Nb4 10. Qd2 d6 11. a3 Na6 12. e4 Nc7 13. Be2 Ng4 14. h3 Ne5 15. Nxe5
Bxe5 16. f4 Bg7 17. Nd1 e5 18. O-O Bh6 19. Qc3 Bxf4 20. Rxf4 Qg5 21. Rg4 Qe7
22. Ne3 Ne8 23. Nf5 Qd7 24. Rf1 Nf6 25. Qg3 Nxg4 26. Bxg4 Kh8 27. Nxd6 f6 0-1

[Event "Gibtelecom AmatWk1 7th"]
[Site "Gibraltar"]
[Date "2009.01.28"]
[Round "2.16"]
[White "Cox, Marian"]
[Black "Escandell Atienza, Santiago"]
[Result "1/2-1/2"]
[WhiteElo "1192"]
[BlackElo "1485"]
[PlyCount "95"]
[EventDate "2009.01.27"]
[EventType "swiss"]
[EventRounds "5"]
[EventCountry "GGB"]
[SourceTitle "BritBase"]
[Source "www.saund.co.uk"]
[SourceDate "2018.02.10"]
[SourceVersion "1"]
[SourceVersionDate "2018.02.10"]
[SourceQuality "1"]

1. e4 c5 2. Nf3 Nc6 3. Bc4 d6 4. a3 Nf6 5. d3 Bg4 6. c3 Ne5 7. Nxe5 dxe5 8.
Bb5+ Bd7 9. Bxd7+ Qxd7 10. h3 g6 11. Be3 b6 12. Qe2 Rd8 13. Nd2 Qxd3 14. Qxd3
Rxd3 15. Ke2 Rd8 16. g4 Bg7 17. f3 h6 18. b4 Nd7 19. c4 a6 20. bxc5 bxc5 21.
Rab1 O-O 22. Rb7 Rfe8 23. Nb3 e6 24. Nxc5 Nxc5 25. Bxc5 Rc8 26. Be3 Rxc4 27.
Ra7 Rc2+ 28. Bd2 Rd8 29. Rd1 h5 30. Ke1 Bf6 31. g5 Bg7 32. Rxa6 Rd3 33. Ke2 Rb3
34. Ra1 Rbb2 35. Rd6 Ra2 36. Rxa2 Rxa2 37. Rd3 Bf8 38. Ke3 Bxa3 39. f4 Bc5+ 40.
Kf3 Bd4 41. h4 Ra1 42. fxe5 Bxe5 43. Kg2 Ra2 44. Kf3 Kg7 45. Bc3 Bxc3 46. Rxc3
Ra7 47. e5 Ra4 48. Kg3 1/2-1/2

[Event "Gibtelecom AmatWk1 7th"]
[Site "Gibraltar"]
[Date "2009.01.28"]
[Round "2.17"]
[White "Coats, Jon R"]
[Black "Apps, Ray"]
[Result "1-0"]
[WhiteElo "1456"]
[BlackElo "1000"]
[PlyCount "39"]
[EventDate "2009.01.27"]
[EventType "swiss"]
[EventRounds "5"]
[EventCountry "GGB"]
[SourceTitle "BritBase"]
[Source "www.saund.co.uk"]
[SourceDate "2018.02.10"]
[SourceVersion "1"]
[SourceVersionDate "2018.02.10"]
[SourceQuality "1"]

1. Nf3 e6 2. c4 Nf6 3. Nc3 b6 4. g3 Bb7 5. Bg2 g6 6. O-O Ng4 7. d3 Bg7 8. Bg5
f6 9. Bd2 O-O 10. Qc1 Nc6 11. h3 Nge5 12. Nxe5 fxe5 13. b4 Rb8 14. Rb1 h6 15.
Bxh6 Bxh6 16. Qxh6 Qf6 17. Ne4 Qe7 18. Qxg6+ Kh8 19. Ng5 Rg8 20. Qh6+ 1-0

[Event "Gibtelecom AmatWk1 7th"]
[Site "Gibraltar"]
[Date "2009.01.28"]
[Round "2.18"]
[White "Vargas Salgado, Raul"]
[Black "Haddock, Paul"]
[Result "0-1"]
[WhiteElo "1156"]
[BlackElo "1416"]
[PlyCount "53"]
[EventDate "2009.01.27"]
[EventType "swiss"]
[EventRounds "5"]
[EventCountry "GGB"]
[SourceTitle "BritBase"]
[Source "www.saund.co.uk"]
[SourceDate "2018.02.10"]
[SourceVersion "1"]
[SourceVersionDate "2018.02.10"]
[SourceQuality "1"]

1. e4 c5 2. Nf3 d6 3. d4 cxd4 4. Nxd4 Nf6 5. Nc3 g6 6. Bg5 Bg7 7. Bc4 O-O 8.
O-O Nc6 9. Nf3 Bd7 10. Qd2 Rc8 11. Bh6 Qa5 12. Bxg7 Kxg7 13. Nd5 Qxd2 14. Nxd2
Nxd5 15. exd5 Ne5 16. Bb3 a5 17. a4 Bf5 18. Rfc1 Rc5 19. f3 Rfc8 20. Ne4 Bxe4
21. fxe4 b6 22. Rd1 Nc4 23. Rd2 Nxd2 24. Rd1 Nxb3 25. cxb3 Rc1 26. Rf1 Rxf1+
27. Kxf1 0-1

[Event "Gibtelecom AmatWk1 7th"]
[Site "Gibraltar"]
[Date "2009.01.28"]
[Round "2.19"]
[White "Cox, Reginald"]
[Black "Badillo Garcia, Aztlan"]
[Result "1/2-1/2"]
[WhiteElo "1088"]
[BlackElo "1383"]
[PlyCount "85"]
[EventDate "2009.01.27"]
[EventType "swiss"]
[EventRounds "5"]
[EventCountry "GGB"]
[SourceTitle "BritBase"]
[Source "www.saund.co.uk"]
[SourceDate "2018.02.10"]
[SourceVersion "1"]
[SourceVersionDate "2018.02.10"]
[SourceQuality "1"]

1. e4 d5 2. exd5 Qxd5 3. Nc3 Qa5 4. d4 Bf5 5. Bd2 c6 6. Nf3 Nf6 7. Ne4 Qc7 8.
Nxf6+ gxf6 9. Be2 e6 10. Qc1 Bd6 11. c3 Nd7 12. h3 Rg8 13. Rg1 Bh2 14. Nxh2
Qxh2 15. Kf1 Bxh3 16. Bf3 Bf5 17. Bf4 Bd3+ 18. Be2 Bxe2+ 19. Kxe2 Qh5+ 20. Kd2
O-O-O 21. Rh1 Qg4 22. g3 e5 23. Rh4 Qf5 24. Be3 Nc5 25. Qc2 e4 26. Rf4 Qe6 27.
Rh4 Rh8 28. Ke2 Nd3 29. Qb3 f5 30. Rh6 Qd7 31. Rah1 f6 32. Rxf6 Rdf8 33. Qe6
Qxe6 34. Rxe6 Nxb2 35. Re7 Na4 36. Bd2 Nb6 37. Rhxh7 Rxh7 38. Rxh7 Nd7 39. Bf4
a6 40. c4 b5 41. Rh6 Rf6 42. cxb5 Rxh6 43. Bxh6 1/2-1/2

[Event "Gibtelecom AmatWk1 7th"]
[Site "Gibraltar"]
[Date "2009.01.29"]
[Round "3.1"]
[White "Flanagan, Samuel"]
[Black "Barros Campoy, Jose Manuel"]
[Result "1/2-1/2"]
[WhiteElo "1650"]
[BlackElo "1840"]
[PlyCount "130"]
[EventDate "2009.01.27"]
[EventType "swiss"]
[EventRounds "5"]
[EventCountry "GGB"]
[SourceTitle "BritBase"]
[Source "www.saund.co.uk"]
[SourceDate "2018.02.10"]
[SourceVersion "1"]
[SourceVersionDate "2018.02.10"]
[SourceQuality "1"]

1. e4 Nf6 2. e5 Nd5 3. d4 d6 4. c4 Nb6 5. exd6 exd6 6. Nc3 Be7 7. h3 O-O 8. Nf3
N8d7 9. Be2 Nf6 10. O-O c6 11. Be3 d5 12. c5 Nbd7 13. Qa4 Re8 14. b4 Nf8 15. b5
Bd7 16. Ne5 cxb5 17. Bxb5 Bxb5 18. Qxb5 Bxc5 19. Qxc5 Rc8 20. Qb4 Re6 21. Na4
N8d7 22. Nxd7 Nxd7 23. Rac1 Nb6 24. Rxc8 Qxc8 25. Nc5 Rg6 26. Kh1 Qf5 27. Qb1
Qc8 28. Rc1 Rc6 29. Nd3 Rxc1+ 30. Qxc1 Qxc1+ 31. Nxc1 Kf8 32. Kg1 Ke8 33. Kf1
Kd7 34. Nd3 Nc4 35. Ke2 f6 36. Nc5+ Kc6 37. Ne6 g5 38. g4 Kd6 39. Ng7 a5 40.
Ne8+ Ke6 41. Nc7+ Kd6 42. Nb5+ Kc6 43. Nc3 b5 44. Bc1 Nb6 45. Kd3 b4 46. Ne2
Nc4 47. Ng3 Nd6 48. f3 Nb5 49. Bb2 Nd6 50. Nh5 Ne8 51. f4 Kd7 52. a3 Kc6 53.
axb4 axb4 54. Kc2 Nc7 55. Kb3 Kb5 56. fxg5 fxg5 57. Nf6 h6 58. Ng8 Ne6 59. Nxh6
Nf4 60. Nf7 Nxh3 61. Bc1 Nf2 62. Nxg5 Nxg4 63. Bd2 Nh2 64. Bxb4 Ng4 65. Bc5 Ne5
1/2-1/2

[Event "Gibtelecom AmatWk1 7th"]
[Site "Gibraltar"]
[Date "2009.01.29"]
[Round "3.2"]
[White "Naldrett, Geoffrey William"]
[Black "Gates, David A"]
[Result "1/2-1/2"]
[WhiteElo "1600"]
[BlackElo "1738"]
[PlyCount "110"]
[EventDate "2009.01.27"]
[EventType "swiss"]
[EventRounds "5"]
[EventCountry "GGB"]
[SourceTitle "BritBase"]
[Source "www.saund.co.uk"]
[SourceDate "2018.02.10"]
[SourceVersion "1"]
[SourceVersionDate "2018.02.10"]
[SourceQuality "1"]

1. Nf3 c6 2. d4 d5 3. Bf4 Nf6 4. e3 Bf5 5. Bd3 Bxd3 6. Qxd3 e6 7. h3 Nbd7 8.
Nbd2 c5 9. c3 c4 10. Qc2 b5 11. O-O a5 12. a3 Be7 13. Ne5 Nxe5 14. Bxe5 O-O 15.
Nf3 Ne4 16. Nd2 Nxd2 17. Qxd2 f6 18. Bh2 Qb6 19. Qe2 Rae8 20. Rae1 b4 21. axb4
axb4 22. Qc2 f5 23. f3 Bf6 24. Kh1 e5 25. Bg1 e4 26. f4 h5 27. Bf2 Ra8 28. Ra1
b3 29. Qd2 Ra2 30. Rfb1 Rfa8 31. Qc1 R8a6 32. Be1 Qa7 33. Rxa2 Rxa2 34. Bd2 h4
35. Qd1 g6 36. Kh2 Kg7 37. Qe1 Bd8 38. Qd1 Kh6 39. Be1 g5 40. fxg5+ Kxg5 41. g3
Bc7 42. Kg2 Bxg3 43. Bxg3 hxg3 44. Kxg3 Qc7+ 45. Kg2 f4 46. Qg4+ Kf6 47. exf4
Qg7 48. Kf2 e3+ 49. Kxe3 Qe7+ 50. Kf2 Qe4 51. Qg5+ Kf7 52. Qh5+ Kf8 53. Qh6+
Kf7 54. Qh5+ Kf8 55. Qh6+ Kf7 1/2-1/2

[Event "Gibtelecom AmatWk1 7th"]
[Site "Gibraltar"]
[Date "2009.01.29"]
[Round "3.4"]
[White "Kuenitz, Klaus"]
[Black "Smith, Paul"]
[Result "1-0"]
[WhiteElo "1663"]
[BlackElo "1600"]
[PlyCount "71"]
[EventDate "2009.01.27"]
[EventType "swiss"]
[EventRounds "5"]
[EventCountry "GGB"]
[SourceTitle "BritBase"]
[Source "www.saund.co.uk"]
[SourceDate "2018.02.10"]
[SourceVersion "1"]
[SourceVersionDate "2018.02.10"]
[SourceQuality "1"]

1. d4 Nf6 2. c4 e6 3. Nf3 d5 4. cxd5 exd5 5. Nc3 c6 6. Bg5 h6 7. Bh4 Be7 8. e3
Nbd7 9. Bd3 O-O 10. O-O Ne8 11. Bg3 Nd6 12. b4 Nf6 13. Qb3 Nde4 14. b5 c5 15.
dxc5 Nxc5 16. Qc2 Nxd3 17. Qxd3 b6 18. Rac1 Bb7 19. Ne2 Ne4 20. Bc7 Nc5 21.
Rxc5 bxc5 22. Bxd8 Rfxd8 23. Ne5 c4 24. Qf5 Bf6 25. Nd4 Rd6 26. Ndc6 a6 27. a4
axb5 28. axb5 Re8 29. f4 Bc8 30. Qh5 Be6 31. f5 g6 32. fxg6 fxg6 33. Qxg6+ Bg7
34. Qxe8+ Kh7 35. Qg6+ Kg8 36. Ne7+ 1-0

[Event "Gibtelecom AmatWk1 7th"]
[Site "Gibraltar"]
[Date "2009.01.29"]
[Round "3.5"]
[White "Carlsen, Ellen Oen"]
[Black "Rashleigh, Jonathan"]
[Result "0-1"]
[WhiteElo "1748"]
[BlackElo "1584"]
[PlyCount "88"]
[EventDate "2009.01.27"]
[EventType "swiss"]
[EventRounds "5"]
[EventCountry "GGB"]
[SourceTitle "BritBase"]
[Source "www.saund.co.uk"]
[SourceDate "2018.02.10"]
[SourceVersion "1"]
[SourceVersionDate "2018.02.10"]
[SourceQuality "1"]

1. e4 g6 2. d4 Bg7 3. Nc3 c5 4. Nf3 Qa5 5. Qd2 cxd4 6. Nxd4 Nc6 7. Nb3 Qd8 8.
g3 d6 9. Bg2 Nf6 10. O-O O-O 11. Qe2 a5 12. a4 Be6 13. Nd5 Bd7 14. c3 e6 15.
Nxf6+ Bxf6 16. Be3 Qc7 17. f4 Ne7 18. Qf2 Qc4 19. Nd2 Qa6 20. Rfd1 Nc8 21. e5
Be7 22. Ne4 d5 23. Nf6+ Bxf6 24. exf6 Nd6 25. Bc5 Rfc8 26. Bxd6 Qxd6 27. Bf1
Rc5 28. Rd4 b5 29. axb5 Bxb5 30. Bxb5 Rxb5 31. c4 Rc5 32. Qd2 Qc6 33. Rd1 Rxc4
34. Rxc4 Qxc4 35. f5 Qc5+ 36. Kh1 a4 37. fxg6 hxg6 38. Rc1 Qf8 39. Qg5 Rb8 40.
Ra1 Rb4 41. Ra3 d4 42. g4 Rxb2 43. Rxa4 d3 44. Rd4 Qa8+ 0-1

[Event "Gibtelecom AmatWk1 7th"]
[Site "Gibraltar"]
[Date "2009.01.29"]
[Round "3.6"]
[White "Goodfellow, Russell"]
[Black "Chidi, Lovinia Sylvia"]
[Result "1-0"]
[WhiteElo "1688"]
[BlackElo "1588"]
[PlyCount "67"]
[EventDate "2009.01.27"]
[EventType "swiss"]
[EventRounds "5"]
[EventCountry "GGB"]
[SourceTitle "BritBase"]
[Source "www.saund.co.uk"]
[SourceDate "2018.02.10"]
[SourceVersion "1"]
[SourceVersionDate "2018.02.10"]
[SourceQuality "1"]

1. e4 c5 2. Nf3 d6 3. d4 cxd4 4. Nxd4 Nf6 5. Nc3 a6 6. f3 e6 7. a4 Be7 8. a5 e5
9. Nb3 Be6 10. Nd5 Nxd5 11. exd5 Bf5 12. Be3 Nd7 13. Qd2 Rc8 14. c4 O-O 15. Be2
e4 16. f4 Bg6 17. Nd4 Bf6 18. O-O Bxd4 19. Bxd4 f5 20. Qc3 Nf6 21. Bb6 Qd7 22.
Qd4 Qe7 23. b4 Nd7 24. Ba7 Bf7 25. Rfc1 Nf6 26. Bd1 h6 27. Bb3 Kh7 28. c5 Rg8
29. Bc4 b5 30. axb6 dxc5 31. bxc5 Rxc5 32. d6 Rxc4 33. Rxc4 Qd7 34. Rc7 1-0

[Event "Gibtelecom AmatWk1 7th"]
[Site "Gibraltar"]
[Date "2009.01.29"]
[Round "3.7"]
[White "Aagedal, Geir Ole"]
[Black "Coats, Jon R"]
[Result "1-0"]
[WhiteElo "1832"]
[BlackElo "1456"]
[PlyCount "75"]
[EventDate "2009.01.27"]
[EventType "swiss"]
[EventRounds "5"]
[EventCountry "GGB"]
[SourceTitle "BritBase"]
[Source "www.saund.co.uk"]
[SourceDate "2018.02.10"]
[SourceVersion "1"]
[SourceVersionDate "2018.02.10"]
[SourceQuality "1"]

1. Nf3 Nf6 2. c4 c5 3. g3 b6 4. Bg2 Bb7 5. O-O g6 6. Nc3 Bg7 7. d3 O-O 8. e4 d6
9. Re1 Nbd7 10. d4 cxd4 11. Nxd4 Rb8 12. b3 Ne8 13. Bb2 e6 14. Ndb5 Nc5 15.
Nxa7 Nxe4 16. Bxe4 Bxe4 17. Rxe4 d5 18. Re2 Rb7 19. Nab5 Rd7 20. cxd5 Nc7 21.
Nxc7 Qxc7 22. Rc1 Qb7 23. Qe1 exd5 24. Re8 Rd8 25. Rxf8+ Rxf8 26. Na4 Bxb2 27.
Nxb2 d4 28. Rd1 Rd8 29. Rd3 b5 30. a4 bxa4 31. Nxa4 Qb5 32. Qd2 Qe5 33. b4 Ra8
34. Nb2 Ra2 35. Rxd4 Kg7 36. Qc3 Ra1+ 37. Kg2 Qe2 38. Rd2+ 1-0

[Event "Gibtelecom AmatWk1 7th"]
[Site "Gibraltar"]
[Date "2009.01.29"]
[Round "3.8"]
[White "McGladdery, David G"]
[Black "Viera Falcon, Cristo"]
[Result "0-1"]
[WhiteElo "1512"]
[BlackElo "1750"]
[PlyCount "63"]
[EventDate "2009.01.27"]
[EventType "swiss"]
[EventRounds "5"]
[EventCountry "GGB"]
[SourceTitle "BritBase"]
[Source "www.saund.co.uk"]
[SourceDate "2018.02.10"]
[SourceVersion "1"]
[SourceVersionDate "2018.02.10"]
[SourceQuality "1"]

1. Nf3 Nf6 2. c4 e6 3. Nc3 b6 4. d4 Bb7 5. e3 Bb4 6. Be2 Ne4 7. Qb3 a5 8. O-O
Bxc3 9. bxc3 d6 10. Ba3 Nd7 11. Rad1 Ng5 12. d5 e5 13. Qc2 Nxf3+ 14. Bxf3 Nf8
15. Bg4 Bc8 16. Qe4 Ng6 17. Bxc8 Qxc8 18. f4 f5 19. Qd3 O-O 20. Qe2 Qd7 21. Qh5
Qa4 22. Bc1 Rae8 23. fxe5 Nxe5 24. Rd4 g6 25. Qe2 Qd7 26. h3 Rf7 27. e4 c5 28.
dxc6 Nxc6 29. Rd5 Rxe4 30. Qd2 Rf6 31. Ba3 Ne5 32. Qd3 0-1

[Event "Gibtelecom AmatWk1 7th"]
[Site "Gibraltar"]
[Date "2009.01.29"]
[Round "3.9"]
[White "Bath, Tom"]
[Black "Garcia Lechugo, Francisco"]
[Result "0-1"]
[WhiteElo "1192"]
[BlackElo "1688"]
[PlyCount "54"]
[EventDate "2009.01.27"]
[EventType "swiss"]
[EventRounds "5"]
[EventCountry "GGB"]
[SourceTitle "BritBase"]
[Source "www.saund.co.uk"]
[SourceDate "2018.02.10"]
[SourceVersion "1"]
[SourceVersionDate "2018.02.10"]
[SourceQuality "1"]

1. e4 e5 2. Nf3 f5 3. Bc4 Nf6 4. Nc3 Nc6 5. Ng5 d5 6. exd5 Na5 7. Bb5+ c6 8.
dxc6 bxc6 9. Ba4 Bc5 10. O-O O-O 11. d3 Qb6 12. h3 e4 13. dxe4 Ba6 14. Ne2 Rad8
15. Qe1 Rfe8 16. b3 Nxe4 17. Nxe4 Rxe4 18. c4 Nxc4 19. bxc4 Rde8 20. Be3 Bxe3
21. fxe3 Qxe3+ 22. Kh1 Qxe2 23. Bxc6 Qxe1 24. Bd5+ Kh8 25. Rfxe1 Rxe1+ 26. Rxe1
Rxe1+ 27. Kh2 Rc1 0-1

[Event "Gibtelecom AmatWk1 7th"]
[Site "Gibraltar"]
[Date "2009.01.29"]
[Round "3.10"]
[White "Haddock, Paul"]
[Black "Garcia, Mario"]
[Result "0-1"]
[WhiteElo "1416"]
[BlackElo "1663"]
[PlyCount "106"]
[EventDate "2009.01.27"]
[EventType "swiss"]
[EventRounds "5"]
[EventCountry "GGB"]
[SourceTitle "BritBase"]
[Source "www.saund.co.uk"]
[SourceDate "2018.02.10"]
[SourceVersion "1"]
[SourceVersionDate "2018.02.10"]
[SourceQuality "1"]

1. e4 e5 2. f4 exf4 3. Nf3 d5 4. exd5 Nf6 5. Bb5+ c6 6. Qe2+ Qe7 7. Qxe7+ Bxe7
8. dxc6 Nxc6 9. d4 Bd6 10. Bxc6+ bxc6 11. c4 O-O 12. O-O Re8 13. Nc3 Bf5 14.
Ne5 Bxe5 15. dxe5 Nd7 16. Bxf4 Bd3 17. Rfd1 Nc5 18. b4 Ne6 19. Rxd3 Nxf4 20.
Rd7 Ng6 21. Rf1 Nxe5 22. Rc7 f6 23. c5 Rec8 24. Rb7 Rcb8 25. Rxb8+ Rxb8 26. Rb1
Nd3 27. a3 Kf8 28. Rd1 Ne5 29. Rd6 Ke7 30. Kf1 Rc8 31. a4 Nc4 32. Rd4 Ne5 33.
Ne4 Rc7 34. Ke2 a6 35. Nd6 g6 36. Kd2 Nd7 37. Kc3 Ne5 38. h3 h6 39. b5 cxb5 40.
axb5 axb5 41. Nxb5 Rxc5+ 42. Kb4 Rc2 43. g3 Nc6+ 44. Kb3 Nxd4+ 45. Nxd4 Rg2 46.
g4 Rg3+ 47. Kc2 Rxh3 48. Ne2 Rh2 49. Kd3 Rxe2 50. Kxe2 Ke6 51. Kf3 Ke5 52. Ke3
g5 53. Kf3 Kd4 0-1

[Event "Gibtelecom AmatWk1 7th"]
[Site "Gibraltar"]
[Date "2009.01.29"]
[Round "3.11"]
[White "Bishop, Geoffrey L"]
[Black "Apps, Ian"]
[Result "1-0"]
[WhiteElo "1616"]
[BlackElo "1064"]
[PlyCount "67"]
[EventDate "2009.01.27"]
[EventType "swiss"]
[EventRounds "5"]
[EventCountry "GGB"]
[SourceTitle "BritBase"]
[Source "www.saund.co.uk"]
[SourceDate "2018.02.10"]
[SourceVersion "1"]
[SourceVersionDate "2018.02.10"]
[SourceQuality "1"]

1. e4 d5 2. exd5 Qxd5 3. Nc3 Qa5 4. d4 c6 5. Bd3 Nf6 6. Nge2 Bg4 7. f3 Bh5 8.
b4 Qc7 9. Bf4 Qd7 10. O-O e6 11. Rb1 Bd6 12. Bxd6 Qxd6 13. Ne4 Qc7 14. c4 Nxe4
15. Bxe4 O-O 16. b5 Bg6 17. Nc3 b6 18. Rc1 Bxe4 19. Nxe4 Nd7 20. bxc6 Qxc6 21.
d5 exd5 22. cxd5 Qh6 23. Rc6 g6 24. f4 f6 25. Qd4 Qg7 26. Rc7 Rae8 27. d6 Rf7
28. Rfc1 Nc5 29. Rxf7 Qxf7 30. Nxf6+ Kf8 31. Nxe8 Qxe8 32. Qh8+ Kf7 33. Qxh7+
Ke6 34. Re1+ 1-0

[Event "Gibtelecom AmatWk1 7th"]
[Site "Gibraltar"]
[Date "2009.01.29"]
[Round "3.13"]
[White "Salomon, Johan"]
[Black "Poggio, Freddie"]
[Result "1-0"]
[WhiteElo "1174"]
[BlackElo "1544"]
[PlyCount "104"]
[EventDate "2009.01.27"]
[EventType "swiss"]
[EventRounds "5"]
[EventCountry "GGB"]
[SourceTitle "BritBase"]
[Source "www.saund.co.uk"]
[SourceDate "2018.02.10"]
[SourceVersion "1"]
[SourceVersionDate "2018.02.10"]
[SourceQuality "1"]

1. e4 c5 2. Nc3 d6 3. f4 Nc6 4. Nf3 a6 5. d3 e6 6. g3 Be7 7. Bg2 Qc7 8. O-O b5
9. h3 Bb7 10. Qe2 Nd4 11. Qf2 Nxf3+ 12. Bxf3 b4 13. Ne2 f5 14. exf5 exf5 15.
Be3 Nf6 16. Kh2 Bxf3 17. Qxf3 O-O 18. Rg1 Rac8 19. Rg2 Qc6 20. Qf2 d5 21. Bd2
d4 22. Ng1 Qa4 23. b3 Qd7 24. Nf3 Bd6 25. Re1 Rce8 26. Qf1 Rxe1 27. Qxe1 Qc7
28. Qe6+ Kh8 29. Qxf5 Nd7 30. Qe4 Nf6 31. Qe1 Re8 32. Re2 Rxe2+ 33. Qxe2 Qe7
34. Qxe7 Bxe7 35. g4 Nd5 36. Kg3 Bd6 37. Ng5 Kg8 38. Ne4 Be7 39. g5 h5 40. gxh6
Ne3 41. Bxe3 dxe3 42. Kf3 gxh6 43. Kxe3 Kf7 44. f5 a5 45. Kf4 Bh4 46. Nxc5 Bg3+
47. Ke4 Kf6 48. d4 Bd6 49. Nb7 Bc7 50. d5 Ke7 51. d6+ Bxd6 52. Nxd6 Kxd6 1-0